000 00590nam a2200181 i 4500
001 80968
003 ES-MaACL
005 20230906174335.0
007 t|
008 041102s1965 xxu ||||1| eng d
100 1 _aHowells, William Dean.
_964408
245 1 4 _aThe rise of Silas Lapham /
_cWilliam Dean Howells ; with a new introduction by Rudolf and Clara Marburg Kirk.
260 _aNew York :
_bCrowell-Collier Pub.,
_c[1965]
300 _a320 p. ;
_c18 cm.
700 1 _aMarburg Kirk, Rudolf.
_976343
700 1 _aMarburg Kirk, Clara.
_976342
852 _aES-MaACL
_jC-36301
_bR.66135
999 _c80968
_d80968